[Event "BL 1112 Schachfr. Berlin - SK König Tegel"]
[Site "Berlin"]
[Date "2011.11.20"]
[Round "5.8"]
[White "Abel, Dennes"]
[Black "Sarbok, Torsten"]
[Result "1/2-1/2"]
[WhiteElo "2427"]
[BlackElo "2349"]
[PlyCount "163"]
[EventDate "2011.10.14"]

1. c4 c6 2. Nf3 Nf6 3. g3 d5 4. Bg2 e6 5. O-O Be7 6. d4 Nbd7 7. Qc2 O-O 8. Nbd2
b6 9. e4 Bb7 10. e5 Ne8 11. cxd5 cxd5 12. Re1 Qc7 13. Qa4 Qc6 14. Qxc6 Bxc6 15.
Nf1 Nc7 16. Bd2 Rfc8 17. Rec1 Na6 18. Ne3 Bb7 19. Bf1 Rxc1 20. Rxc1 Rc8 21.
Rxc8+ Bxc8 22. Ne1 Ndb8 23. N3c2 Nc7 24. f4 Bd7 25. Kf2 h5 26. Be2 g6 27. Bb4
Bxb4 28. Nxb4 Bb5 29. Bd1 a5 30. Nbc2 Nc6 31. h3 Bc4 32. b3 Ba6 33. g4 hxg4 34.
hxg4 Kf8 35. Ke3 Ke7 36. Nf3 Bf1 37. Nd2 Ba6 38. Nf3 Bf1 39. Nd2 Ba6 40. a3 Kd7
41. Nb1 Bf1 42. Nd2 Ba6 43. Bf3 Ke7 44. Nb1 Bf1 45. Nc3 b5 46. f5 gxf5 47. gxf5
b4 48. f6+ Kf8 49. axb4 axb4 50. Be2 Bxe2 51. Nxe2 Na6 52. Nc1 Na5 53. Nd3 Nxb3
54. Ncxb4 Nxb4 55. Nxb4 Na5 56. Na6 Kg8 57. Nc7 Nc4+ 58. Kd3 Kf8 59. Kc3 Ne3
60. Kb4 Nf5 61. Kc5 Ne3 62. Nb5 Nc2 63. Kd6 Ne3 64. Kd7 Nf5 65. Kd8 Ne3 66. Na7
Nf5 67. Nc6 Ne3 68. Kc7 Nf5 69. Kd7 Ng3 70. Nd8 Ne2 71. Nc6 Nf4 72. Nb4 Ne2 73.
Nc2 Nf4 74. Ne1 Ne2 75. Nf3 Nf4 76. Kd8 Ne2 77. Kd7 Nf4 78. Ng5 Ne2 79. Nf3 Nf4
80. Ng5 Kg8 81. Nh7 Ne2 82. Ke8 1/2-1/2